| 000 | 01110nam0a22003251 4500 | ||
|---|---|---|---|
| 001 | v19\rc\1854237 | ||
| 005 | 20251118180127.7 | ||
| 035 | _a(NLR Aleph) 004948839 | ||
| 090 |
_a5860598 _c5860598 |
||
| 100 | _a20080221e19001900|||y0rusy50 ca | ||
| 101 | 0 | _arus | |
| 102 | _aRU | ||
| 105 | _ay z ||||| | ||
| 200 | 1 |
_aО пище мальков некоторых рыб _f[И. Кучин] |
|
| 210 |
_aСанкт-Петербург _cтип. В. Демакова _d[1900] |
||
| 215 |
_a17 с. _d24 |
||
| 300 | _aАвт. указан в конце текста | ||
| 309 | _aБез тит. л. и обл. | ||
| 311 | _aИз "Вестн. рыбопром-сти". 1900 г., № 11 | ||
| 488 | 0 | _12001#$aВестник рыбопромышленности$v1900, № 11 | |
| 700 | 1 |
_aКучин _bИ. В. _f1874- _gИван Васильевич |
|
| 801 | 0 |
_aRU _bNLR _gpsbo |
|
| 801 | 0 |
_aRU _bRuMoRGB _2psbo |
|
| 801 | 1 |
_aRU _bProSoft-M _2rusmarc |
|
| 852 |
_aNLR _j20.54.1.33 |
||
| 899 |
_aRuMoRGB _jF 83/1195 |
||
| 899 |
_aRuMoRGB _jПриплет к B 52/48 |
||
| 899 | _aБАН | ||
| 942 | _cBOOK | ||
| 980 | _aNB | ||